Visual Basic 6 (Record no. 2)

MARC details
000 -LEADER
fixed length control field 00255nam a22000977a 4500
008 - FIXED-LENGTH DATA ELEMENTS--GENERAL INFORMATION
fixed length control field 160614b xxu||||| |||| 00| 0 eng d
020 ## - INTERNATIONAL STANDARD BOOK NUMBER
International Standard Book Number 9780074636664
100 ## - MAIN ENTRY--PERSONAL NAME
9 (RLIN) 2
Personal name Jerke, Noel
245 ## - TITLE STATEMENT
Title Visual Basic 6
Remainder of title The Complete Reference
260 ## - PUBLICATION, DISTRIBUTION, ETC. (IMPRINT)
Place of publication, distribution, etc. New Delhi
Name of publisher, distributor, etc. McGrawHill
Holdings
Withdrawn status Lost status Source of classification or shelving scheme Damaged status Not for loan Home library Current library Shelving location Date acquired Total Checkouts Total Renewals Full call number Barcode Date last seen Date last checked out Price effective from Koha item type
    Dewey Decimal Classification     Good Samaritan School Library Good Samaritan School Library   06/14/2016 6 2 005.10 JER15301 04/22/2017 03/24/2017 06/14/2016 BOOK

Powered by Koha